| 000 | 00923cam a2200241 a 4500 | ||
|---|---|---|---|
| 001 | 2995866 | ||
| 005 | 20241118141446.0 | ||
| 008 | 930316r19931958dcua b 001 0beng | ||
| 020 |
_a0882581503 (acidfree paper) : _c$24.95 |
||
| 020 |
_a9780882581507 _cBackcover |
||
| 050 | 0 | 0 |
_aPN2287.A457 _bM37 1993 |
| 082 | 0 | 0 |
_a792/.028/092 _aB _220 |
| 100 | 1 |
_aMarshall, Herbert, _d1906-1991. |
|
| 245 | 1 | 0 |
_aIra Aldridge : _bthe Negro tragedian / _cHerbert Marshall and Mildred Stock ; with an introduction by Errol Hill. |
| 260 |
_aWashington, D.C. : _bHoward University Press, _c1993. |
||
| 300 |
_axix, 355 p. : _bill. ; _c21 cm. |
||
| 500 | _aOriginally published: New York : Macmillan ; London : Rockliff, 1958. | ||
| 650 | 0 |
_aActors _zUnited States _vBiography. |
|
| 650 | 0 |
_aAfrican American actors _vBiography. |
|
| 650 | 0 |
_aTheater _zGreat Britain _xHistory _y19th century. |
|
| 700 | 1 | _aStock, Mildred. | |
| 942 |
_2lcc _cBK _n0 |
||
| 999 |
_c1280 _d1280 |
||